Reply to Jensen

Gespeichert in:  
Bibliographische Detailangaben
VerfasserInnen: Chamlin, Mitchell B. (Verfasst von) ; Cochran, John K. (Verfasst von)
Medienart: Druck Aufsatz
Sprache:Englisch
Veröffentlicht: 1996
In: Criminology
Jahr: 1996, Band: 34, Heft: 1, Seiten: 133-134
Verfügbarkeit prüfen: HBZ Gateway
Schlagwörter:

MARC

LEADER 00000caa a22000002c 4500
001 163962144X
003 DE-627
005 20220608125617.0
007 tu
008 160223s1996 xx ||||| 00| ||eng c
035 |a (DE-627)163962144X 
035 |a (DE-576)455927944 
035 |a (DE-599)BSZ455927944 
040 |a DE-627  |b ger  |c DE-627  |e rakwb 
041 |a eng 
100 1 |a Chamlin, Mitchell B.  |0 (DE-588)170158993  |0 (DE-627)060204265  |0 (DE-576)131065696  |4 aut 
109 |a Chamlin, Mitchell B.  |a Chamlin, Mitchell 
245 1 0 |a Reply to Jensen  |c Mitchell B. Chamlin, John K. Cochran 
264 1 |c 1996 
336 |a Text  |b txt  |2 rdacontent 
337 |a ohne Hilfsmittel zu benutzen  |b n  |2 rdamedia 
338 |a Band  |b nc  |2 rdacarrier 
700 1 |a Cochran, John K.  |0 (DE-588)104161408X  |0 (DE-627)767145984  |0 (DE-576)164853804  |4 aut 
773 0 8 |i In  |t Criminology  |d Hoboken, NJ : Wiley, 1970  |g 34(1996), 1, Seite 133-134  |w (DE-627)129888508  |w (DE-600)301688-2  |w (DE-576)015191346  |x 0011-1384  |7 nnas 
773 1 8 |g volume:34  |g year:1996  |g number:1  |g pages:133-134 
776 1 |o 10.1111/j.1745-9125.1996.tb01199.x 
935 |a mkri 
951 |a AR 
ELC |b 1 
LOK |0 000 xxxxxcx a22 zn 4500 
LOK |0 001 330043016X 
LOK |0 003 DE-627 
LOK |0 004 163962144X 
LOK |0 005 20250623151453 
LOK |0 008 160208||||||||||||||||ger||||||| 
LOK |0 040   |a DE-21-110  |c DE-627  |d DE-21-110 
LOK |0 689   |a s  |a Armut 
LOK |0 689   |a s  |a Kriminalität 
LOK |0 852   |a DE-21-110 
LOK |0 852 1  |m p  |9 00 
LOK |0 935   |a k110 
LOK |0 938   |k p 
LOK |0 939   |a 08-02-16  |b l01 
ORI |a SA-MARC-krimdoka001.raw